| 000 | 00484 a2200157 4500 | ||
|---|---|---|---|
| 999 |
_c641 _d641 |
||
| 020 | _a8184110596 | ||
| 050 | _aD16.2 RAO 2007 | ||
| 100 |
_aRao, K. Venugopala _eauthor |
||
| 245 |
_aTechniques of teaching history / _cK. Venugopala and Digumarti Bhaskara Rao |
||
| 264 |
_aNew Delhi : _bSonali Publications, _c2007 |
||
| 300 | _a209p. : | ||
| 500 | _aIncludes index | ||
| 650 |
_aHistory _xStudy and teaching |
||
| 700 |
_aRao, Digumarti Bhaskara _eauthor |
||
| 942 |
_2lcc _cBK _h16.2 _iRAO _kD |
||